[Event "DEM U10"]
[Site "Willingen"]
[Date "2006.06.04"]
[Round "3.32"]
[White "Puffay, Jana"]
[Black "Schreiber, Kevin"]
[Result "0-1"]
[WhiteElo "733"]
[BlackElo "1156"]
[PlyCount "68"]
[EventDate "2006.??.??"]
[EventType "swiss"]
[EventRounds "11"]
[EventCountry "GER"]

1. e4 d5 2. Nc3 dxe4 3. Nxe4 Qd5 4. d3 Bf5 5. Qe2 Nd7 6. g3 Ngf6 7. Bg2 Bxe4 8.
dxe4 Qc6 9. Bf4 Nc5 10. f3 Rd8 11. e5 Nd5 12. O-O-O Qa4 13. Be3 Qxa2 14. Qb5+
c6 15. Qxc5 Nxe3 16. Rxd8+ Kxd8 17. Qxe3 Qa1+ 18. Kd2 e6 19. Ne2 Bb4+ 20. c3
Qxb2+ 21. Kd3 Bxc3 22. Nxc3 Qxg2 23. Qd4+ Kc7 24. Qd6+ Kc8 25. Rd1 Rd8 26. Ke4
Rxd6 27. exd6 Qc2+ 28. Kf4 Qxc3 29. d7+ Kd8 30. h4 a5 31. Kg5 a4 32. h5 Qxf3
33. Rd4 Qxg3+ 34. Rg4 Qxg4+ 0-1

[Event "DEM U10"]
[Site "Willingen"]
[Date "2006.06.04"]
[Round "3.33"]
[White "Powierski, Emil"]
[Black "Schrötter, Luisa"]
[Result "1-0"]
[WhiteElo "1155"]
[BlackElo "748"]
[PlyCount "47"]
[EventDate "2006.??.??"]
[EventType "swiss"]
[EventRounds "11"]
[EventCountry "GER"]

1. e4 c6 2. d4 d5 3. exd5 cxd5 4. Nf3 Nf6 5. Bd3 Bg4 6. c3 e6 7. Bg5 Be7 8.
Nbd2 Nbd7 9. O-O O-O 10. Qc2 Rc8 11. Rae1 Bd6 12. Bxh7+ Kh8 13. Bd3 Be7 14. Re3
Re8 15. h3 Bf5 16. Bxf5 exf5 17. Qxf5 Kg8 18. Rfe1 a6 19. Ne5 Nxe5 20. Rxe5 Rc7
21. Bxf6 gxf6 22. Qg4+ Kf8 23. Rh5 Bd6 24. Rh8# 1-0

[Event "DEM U10"]
[Site "Willingen"]
[Date "2006.06.04"]
[Round "3.37"]
[White "Imgrunt, Philipp"]
[Black "Helle, Samuel"]
[Result "0-1"]
[WhiteElo "982"]
[BlackElo "1358"]
[PlyCount "112"]
[EventDate "2006.??.??"]
[EventType "swiss"]
[EventRounds "11"]
[EventCountry "GER"]

1. e4 e5 2. Nf3 Nc6 3. Bc4 Bc5 4. b4 Bb6 5. a3 f5 6. exf5 e4 7. Qe2 d5 8. Bb5
Qe7 9. O-O exf3 10. Qxf3 Nf6 11. Bb2 a6 12. Bxc6+ bxc6 13. Nc3 O-O 14. Rfe1 Qd6
15. a4 d4 16. Ne4 Nxe4 17. Qxe4 Bxf5 18. Qh4 d3 19. cxd3 Bxd3 20. Qg5 Rf7 21.
Re3 Bxe3 22. dxe3 Qxb4 23. Bd4 Rb8 24. h3 h6 25. Qg3 Qd6 26. Be5 Qg6 27. Bxc7
Qxg3 28. Bxg3 Rb1+ 29. Rxb1 Bxb1 30. e4 Bxe4 31. f3 Bd3 32. Kf2 Re7 33. Bd6
Re2+ 34. Kg3 Rc2 35. f4 c5 36. Kf3 c4 37. g4 c3 38. Ke3 Rd2 39. Bb4 Bb1 40.
Bxc3 Rd3+ 41. Ke4 Rxc3+ 42. Ke5 Rxh3 43. g5 hxg5 44. fxg5 Ra3 45. Kd4 Rxa4+ 46.
Kc3 Ra5 47. Kb2 Rxg5 48. Kxb1 Rg2 49. Kc1 a5 50. Kd1 a4 51. Kc1 a3 52. Kb1 Rf2
53. Ka1 g5 54. Kb1 g4 55. Kc1 a2 56. Kd1 a1=Q# 0-1

[Event "DEM U10"]
[Site "Willingen"]
[Date "2006.06.04"]
[Round "3.39"]
[White "Hümmecke, Aaron"]
[Black "Rahimi, Anita"]
[Result "1-0"]
[WhiteElo "1260"]
[BlackElo "849"]
[PlyCount "91"]
[EventDate "2006.??.??"]
[EventType "swiss"]
[EventRounds "11"]
[EventCountry "GER"]

1. e4 d5 2. exd5 Qxd5 3. Nc3 Qa5 4. d4 c6 5. Bd2 Qc7 6. Nf3 Bf5 7. Bc4 e6 8.
Nh4 Bg6 9. Nxg6 fxg6 10. Qg4 Bb4 11. Qxe6+ Qe7 12. Qxe7+ Nxe7 13. O-O-O Nd7 14.
Rhe1 b5 15. Bd3 O-O 16. a3 Bxc3 17. Bxc3 Rae8 18. Bb4 Rf7 19. a4 Kf8 20. axb5
cxb5 21. Bxb5 Rd8 22. Rxe7 Rxe7 23. Re1 Kf7 24. Rxe7+ Kf6 25. Rxd7 Rb8 26. Rd5
h5 27. Bd6 Rd8 28. Be5+ Ke7 29. Rxd8 Kxd8 30. Bxg7 Kc7 31. Be8 Kd6 32. Bxg6 h4
33. c3 Kd5 34. Bf6 Ke6 35. Bxh4 a5 36. Kd2 a4 37. Ke3 Kd5 38. Be4+ Kc4 39. d5
Kc5 40. Be7+ Kc4 41. d6 Kb3 42. d7 Kxb2 43. d8=Q a3 44. Bxa3+ Kxa3 45. Qb6 Ka4
46. Qb4# 1-0

[Event "DEM U10"]
[Site "Willingen"]
[Date "2006.06.04"]
[Round "3.40"]
[White "Schumacher, Wendy"]
[Black "Hellwig, Immo"]
[Result "0-1"]
[WhiteElo "880"]
[BlackElo "1074"]
[PlyCount "74"]
[EventDate "2006.??.??"]
[EventType "swiss"]
[EventRounds "11"]
[EventCountry "GER"]

1. e4 d5 2. Nc3 d4 3. Na4 Bd7 4. b3 e6 5. Nf3 c5 6. d3 Nc6 7. Be2 Bd6 8. O-O
Qc7 9. Bd2 Ne5 10. g3 Nxf3+ 11. Bxf3 O-O-O 12. Qe2 Nf6 13. Rac1 Rdg8 14. c3 e5
15. cxd4 exd4 16. Bb4 b6 17. e5 Bxa4 18. exd6 Qxd6 19. bxa4 Kb8 20. Ba3 Re8 21.
Qd2 h5 22. Rc2 Re5 23. Rb2 g5 24. h3 g4 25. Bg2 h4 26. Rfb1 hxg3 27. a5 gxh3
28. Bh1 g2 29. Kh2 Re1+ 30. f4 gxh1=Q+ 31. Kg3 Rxb1 32. Qh2 Nh5+ 33. Kxh3 Nxf4+
34. Kg3 Nxd3+ 35. Kg4 Rxh2 36. Rxh2 Rg1+ 37. Kf5 Qe5# 0-1

[Event "DEM U10"]
[Site "Willingen"]
[Date "2006.06.04"]
[Round "3.41"]
[White "Kuckling, Hannah"]
[Black "Hirschmann, Jakob"]
[Result "1-0"]
[WhiteElo "876"]
[BlackElo "1042"]
[PlyCount "109"]
[EventDate "2006.??.??"]
[EventType "swiss"]
[EventRounds "11"]
[EventCountry "GER"]

1. e4 e5 2. Nf3 Nc6 3. Bb5 Bc5 4. c3 Nf6 5. O-O a6 6. Ba4 b5 7. Bb3 O-O 8. Re1
d6 9. d4 exd4 10. cxd4 Bb6 11. Nc3 Bg4 12. h3 Bh5 13. g4 Nxg4 14. Bg5 Nf6 15.
Qd3 h6 16. Bh4 Nb4 17. Qe3 c5 18. a3 Nc6 19. Nd5 Nxd5 20. Bxd8 Nxe3 21. Bxb6
Bxf3 22. Rxe3 Bh5 23. dxc5 dxc5 24. Bxc5 Rfc8 25. Kh2 Na5 26. Bb4 Nxb3 27. Rxb3
Rc2 28. Rg1 Rxf2+ 29. Rg2 Rxg2+ 30. Kxg2 Re8 31. Re3 f5 32. e5 f4 33. Re1 Kh7
34. e6 Kg6 35. Bc3 f3+ 36. Kf2 Kh7 37. Bb4 g5 38. e7 Rc8 39. Rd1 Rc2+ 40. Kf1
Rxb2 41. Rd7 Rb1+ 42. Be1 Kh8 43. Rd8+ Kg7 44. e8=Q Bxe8 45. Rxe8 Rb3 46. Bb4
a5 47. Bxa5 Rxa3 48. Bb4 Rb3 49. Bc5 b4 50. Rb8 Rb1+ 51. Kf2 b3 52. Bd4+ Kg6
53. Kxf3 Kf5 54. Rb6 h5 55. Rf6# 1-0

[Event "DEM U10"]
[Site "Willingen"]
[Date "2006.06.04"]
[Round "3.42"]
[White "Neumann, Florian"]
[Black "Schulze, Tabea"]
[Result "1-0"]
[WhiteElo "1037"]
[BlackElo "869"]
[PlyCount "69"]
[EventDate "2006.??.??"]
[EventType "swiss"]
[EventRounds "11"]
[EventCountry "GER"]

1. e4 e5 2. Nf3 Nc6 3. Bc4 Bc5 4. c3 Nf6 5. d4 exd4 6. cxd4 Bb4+ 7. Nc3 Nxe4 8.
O-O Bxc3 9. d5 Ne5 10. bxc3 Nxc4 11. Qd4 Ncd6 12. Re1 Qe7 13. Ng5 O-O 14. Nxe4
Nxe4 15. Rxe4 Qd8 16. Rg4 g6 17. Bh6 f6 18. Bxf8 Qxf8 19. Re1 d6 20. Rge4 Bd7
21. Qe3 Rd8 22. f4 f5 23. Re7 b6 24. Qh3 h6 25. Qd3 Bc8 26. g4 a6 27. h4 b5 28.
a3 Bd7 29. R1e2 c6 30. dxc6 Bxc6 31. R2e3 d5 32. R3e5 Qf6 33. R5e6 Qxh4 34. Qd4
fxg4 35. Qg7# 1-0

[Event "DEM U10"]
[Site "Willingen"]
[Date "2006.06.04"]
[Round "3.43"]
[White "Grzeca, Carmen"]
[Black "Bakalarz, Bianca"]
[Result "0-1"]
[WhiteElo "858"]
[BlackElo "1033"]
[PlyCount "76"]
[EventDate "2006.??.??"]
[EventType "swiss"]
[EventRounds "11"]
[EventCountry "GER"]

1. e4 c5 2. Nc3 e6 3. Bc4 Nc6 4. f4 b6 5. Nf3 Bb7 6. d3 a6 7. a4 Nb4 8. O-O Rc8
9. b3 d5 10. Ba3 dxc4 11. Bxb4 cxb4 12. Ne2 Nf6 13. dxc4 Qxd1 14. Rfxd1 Bxe4
15. Ne5 Bxc2 16. Rd4 Bc5 17. a5 O-O 18. Kh1 Bxb3 19. Rd2 b5 20. cxb5 axb5 21.
Nd4 Bxd4 22. Rxd4 Nd5 23. Nd7 Rfd8 24. Nc5 Rxc5 25. a6 Ra8 26. Kg1 Rc2 27. Rdd1
Ba4 28. g3 b3 29. Rab1 Nc3 30. g4 Nxd1 31. Rxd1 b2 32. Rb1 Rc1+ 33. Rxc1
bxc1=Q+ 34. Kf2 Qxf4+ 35. Ke1 Qxh2 36. Kf1 Bb3 37. Ke1 Rxa6 38. Kf1 Ra1# 0-1

[Event "DEM U10"]
[Site "Willingen"]
[Date "2006.06.04"]
[Round "3.45"]
[White "Michalik, Marina"]
[Black "Nitzsche, Pia"]
[Result "0-1"]
[WhiteElo "834"]
[BlackElo "1012"]
[PlyCount "90"]
[EventDate "2006.??.??"]
[EventType "swiss"]
[EventRounds "11"]
[EventCountry "GER"]

1. e4 c5 2. d3 d6 3. Nd2 Nf6 4. g3 g6 5. Bg2 Bg7 6. Ne2 O-O 7. O-O Nc6 8. h3
Bd7 9. f4 a6 10. c3 b5 11. Kh2 Rb8 12. Qc2 a5 13. Nf3 b4 14. d4 d5 15. Nd2 dxe4
16. Nxe4 Nxe4 17. Bxe4 cxd4 18. cxd4 Nxd4 19. Qd2 Nxe2 20. Qxe2 Bb5 21. Qf2
Bxf1 22. Qxf1 Qd7 23. Rb1 Qe6 24. Bf3 Qxa2 25. Qd3 Rfd8 26. Qe4 f5 27. Qc2 Rbc8
28. Bc6 b3 29. Bd5+ Kf8 30. Qd3 Rc2+ 31. Qxc2 bxc2 32. Bxa2 cxb1=Q 33. Bxb1 Rd1
34. Be3 Rxb1 35. Bb6 Rxb2+ 36. Kg1 Rxb6 37. Kf2 a4 38. Ke3 a3 39. Kd3 a2 40.
Kc4 a1=Q 41. Kc5 Qa5+ 42. Kc4 Rb4+ 43. Kd3 Qa3+ 44. Ke2 Rb2+ 45. Kd1 Qa1# 0-1

[Event "DEM U10"]
[Site "Willingen"]
[Date "2006.06.04"]
[Round "3.46"]
[White "Pannier, Lukas"]
[Black "Klemm, Lisa-Marie"]
[Result "1-0"]
[WhiteElo "994"]
[BlackElo "795"]
[PlyCount "45"]
[EventDate "2006.??.??"]
[EventType "swiss"]
[EventRounds "11"]
[EventCountry "GER"]

1. e4 e5 2. Nf3 Nc6 3. Bc4 Bc5 4. c3 Nf6 5. d4 exd4 6. cxd4 Bb4+ 7. Nc3 O-O 8.
O-O d6 9. h3 h6 10. Re1 Re8 11. a3 Ba5 12. b4 Bb6 13. Bf4 g5 14. Be3 Nxe4 15.
Nxe4 Rxe4 16. Qd3 Qe8 17. Bxg5 hxg5 18. Rxe4 Qf8 19. Qe3 Bf5 20. Qxg5+ Bg6 21.
Qxg6+ Kh8 22. Rh4+ Qh6 23. Rxh6# 1-0

[Event "DEM U10"]
[Site "Willingen"]
[Date "2006.06.04"]
[Round "3.47"]
[White "Garbere, Diana"]
[Black "Räcke, Geesche"]
[Result "1-0"]
[WhiteElo "769"]
[BlackElo "970"]
[PlyCount "35"]
[EventDate "2006.??.??"]
[EventType "swiss"]
[EventRounds "11"]
[EventCountry "GER"]

1. e4 e5 2. Nf3 Nc6 3. Bc4 Nf6 4. d3 d5 5. Bb3 dxe4 6. Ng5 Be6 7. Bxe6 fxe6 8.
Nxe6 Qd7 9. Ng5 exd3 10. O-O h6 11. Nf3 O-O-O 12. Nc3 Bd6 13. Qe1 a6 14. Qe3
dxc2 15. Na4 Ng4 16. Nb6+ Kb8 17. Nxd7+ Rxd7 18. Qe4 1-0

[Event "DEM U10"]
[Site "Willingen"]
[Date "2006.06.05"]
[Round "5.1"]
[White "Kyas, Philipp"]
[Black "Galkin, Wladislaw"]
[Result "1/2-1/2"]
[WhiteElo "1506"]
[BlackElo "1457"]
[PlyCount "51"]
[EventDate "2006.??.??"]
[EventType "swiss"]
[EventRounds "11"]
[EventCountry "GER"]

1. d4 d5 2. Nf3 e6 3. Bf4 Bd6 4. Bg3 Qe7 5. e3 Bxg3 6. hxg3 Qb4+ 7. Nfd2 Qxb2
8. Nb3 a5 9. a4 Nf6 10. Bd3 b6 11. Qd2 c5 12. Nc3 Ba6 13. Ra2 Qxa2 14. Nxa2 c4
15. Nbc1 cxd3 16. Nxd3 Nbd7 17. f3 O-O 18. Kf2 Rac8 19. c3 Rc7 20. Qc2 Rfc8 21.
Ne5 h6 22. Rc1 Nxe5 23. dxe5 Nd7 24. f4 Rc4 25. g4 Nc5 26. Kg1 1/2-1/2

[Event "DEM U10"]
[Site "Willingen"]
[Date "2006.06.05"]
[Round "5.3"]
[White "Nöttling, Dominik"]
[Black "Noe, Christopher"]
[Result "0-1"]
[WhiteElo "1503"]
[BlackElo "1555"]
[PlyCount "102"]
[EventDate "2006.??.??"]
[EventType "swiss"]
[EventRounds "11"]
[EventCountry "GER"]

1. e4 e5 2. Bc4 Bc5 3. Nf3 Nc6 4. Nc3 Nf6 5. d3 h6 6. Bd2 a6 7. a4 d6 8. h3 Be6
9. Ba2 Qd7 10. Bxe6 fxe6 11. O-O O-O 12. Ne2 Qf7 13. Ng3 a5 14. c3 Qg6 15. Kh1
Bxf2 16. Ne2 Bb6 17. Qe1 Nh5 18. Qh4 Nf6 19. Qg3 Qxg3 20. Nxg3 Nd7 21. Rae1 Nc5
22. d4 Nd3 23. Rb1 exd4 24. cxd4 Nxd4 25. Bc3 Nxf3 26. Rxf3 Rxf3 27. gxf3 Rf8
28. Kg2 Nf4+ 29. Kh2 c5 30. Re1 Bc7 31. b3 Rf7 32. Rg1 d5 33. Be1 b6 34. h4 Ne2
35. Rf1 Nxg3 36. Bxg3 Bxg3+ 37. Kxg3 dxe4 38. Kg2 Rxf3 39. Rxf3 exf3+ 40. Kxf3
Kf7 41. Ke4 g5 42. hxg5 hxg5 43. Ke5 Kg6 44. Ke4 Kh5 45. Kf3 e5 46. Kg3 g4 47.
Kf2 e4 48. Kg2 e3 49. Kf1 g3 50. Ke2 g2 51. Kxe3 g1=Q+ 0-1

[Event "DEM U10"]
[Site "Willingen"]
[Date "2006.06.05"]
[Round "5.4"]
[White "Scheel, Henrik"]
[Black "Xu, Xianliang"]
[Result "0-1"]
[WhiteElo "1173"]
[BlackElo "1542"]
[PlyCount "90"]
[EventDate "2006.??.??"]
[EventType "swiss"]
[EventRounds "11"]
[EventCountry "GER"]

1. e4 c5 2. Nf3 Nc6 3. Bc4 g6 4. Nc3 Bg7 5. a3 d6 6. Be2 Nf6 7. O-O O-O 8. d3
Bd7 9. Bd2 Rb8 10. Rb1 b5 11. Be3 a5 12. Qd2 b4 13. axb4 axb4 14. Nd5 Be6 15.
Nxf6+ Bxf6 16. b3 Qc7 17. Bh6 Rfd8 18. Bg5 Bh8 19. h3 Ra8 20. Nh2 Ra2 21. Rfc1
Nd4 22. Qd1 Nb5 23. Bd2 Na3 24. Ra1 Rxa1 25. Rxa1 Bxa1 26. Qxa1 Nxc2 27. Qb2
Nd4 28. Bg4 Bxb3 29. Be3 Be6 30. Bxd4 Bxg4 31. Nxg4 cxd4 32. Qxd4 Qc3 33. Qd5
e6 34. Qg5 Rc8 35. Kh2 b3 36. Qh6 Qg7 37. Qf4 b2 38. Nh6+ Kf8 39. Qxd6+ Ke8 40.
Ng4 b1=Q 41. e5 Qb8 42. Qa3 h5 43. Nf6+ Qxf6 44. Qa4+ Kf8 45. d4 Qf4+ 0-1

[Event "DEM U10"]
[Site "Willingen"]
[Date "2006.06.05"]
[Round "5.5"]
[White "Osmanodja, Filiz"]
[Black "Mainik, Philipp"]
[Result "1/2-1/2"]
[WhiteElo "1609"]
[BlackElo "1258"]
[PlyCount "72"]
[EventDate "2006.??.??"]
[EventType "swiss"]
[EventRounds "11"]
[EventCountry "GER"]

1. e4 e5 2. Nf3 Nc6 3. Bb5 a6 4. Ba4 Nf6 5. O-O Be7 6. Re1 b5 7. Bb3 d6 8. h3
Na5 9. c3 Nxb3 10. axb3 Bb7 11. Qc2 c5 12. d3 O-O 13. Nbd2 Nd7 14. d4 cxd4 15.
cxd4 Rc8 16. Qd3 Qc7 17. Nf1 Qc2 18. Qe3 f5 19. exf5 e4 20. Re2 Qc7 21. N3d2 d5
22. f3 Rxf5 23. fxe4 Bg5 24. Qd3 dxe4 25. Nxe4 Bxc1 26. Nc3 Bxb2 27. Qxf5 Bxa1
28. Re7 Rf8 29. Qe6+ Kh8 30. Rxd7 Qc6 31. d5 Qxe6 32. dxe6 Bxc3 33. Rxb7 Re8
34. Ng3 g6 35. Ne4 Be5 36. e7 Kg7 1/2-1/2

[Event "DEM U10"]
[Site "Willingen"]
[Date "2006.06.05"]
[Round "5.6"]
[White "Möhn, Hans"]
[Black "Moritz, Aron"]
[Result "0-1"]
[WhiteElo "1580"]
[BlackElo "1237"]
[PlyCount "148"]
[EventDate "2006.??.??"]
[EventType "swiss"]
[EventRounds "11"]
[EventCountry "GER"]

1. e4 c5 2. Nf3 d6 3. d4 cxd4 4. Nxd4 a6 5. Nc3 e6 6. f3 Qc7 7. Be3 b5 8. Qd2
Nc6 9. O-O-O Ne5 10. f4 Nc4 11. Ndxb5 axb5 12. Nxb5 Qc6 13. Bxc4 Qxc4 14. Nxd6+
Bxd6 15. Qxd6 f6 16. Bc5 Kf7 17. Qc7+ Kg6 18. f5+ exf5 19. Qg3+ Kf7 20. Qc7+
Kg6 21. exf5+ Bxf5 22. Qg3+ Qg4 23. Qxg4+ Bxg4 24. Rd4 Be6 25. a3 Nh6 26. Re1
Bf5 27. c4 Ng4 28. h3 Ne5 29. Re3 Rhc8 30. b4 Be6 31. Ree4 Rxa3 32. Kb2 Rg3 33.
Bd6 Rxg2+ 34. Kb3 Rg3+ 35. Ka4 Rxh3 36. Bxe5 fxe5 37. Rxe5 Bxc4 38. b5 h5 39.
b6 Bg8 40. b7 Rb8 41. Rb4 Rb3 42. Rxb3 Bxb3+ 43. Kxb3 Rxb7+ 44. Kc4 Rd7 45. Rc5
h4 46. Kb3 Rd8 47. Kc3 h3 48. Ra5 h2 49. Ra1 Kg5 50. Rh1 Rh8 51. Kd3 Kg4 52.
Ke2 Kg3 53. Kf1 Rf8+ 54. Ke2 Rf2+ 55. Ke1 Kg2 56. Rxh2+ Kxh2 57. Kxf2 Kh3 58.
Kf3 Kh4 59. Kf4 g5+ 60. Kf3 Kh3 61. Kf2 g4 62. Kg1 Kg3 63. Kf1 Kh2 64. Ke2 g3
65. Kd3 g2 66. Kd4 g1=Q+ 67. Kd5 Qe3 68. Kc4 Kg3 69. Kd5 Kf4 70. Kc4 Ke5 71.
Kb4 Kd5 72. Kb5 Qb3+ 73. Ka5 Kc6 74. Ka6 Qb6# 0-1

[Event "DEM U10"]
[Site "Willingen"]
[Date "2006.06.05"]
[Round "5.7"]
[White "Große, Christian"]
[Black "Engshuber, Maximilian"]
[Result "1-0"]
[WhiteElo "1552"]
[BlackElo "1228"]
[PlyCount "103"]
[EventDate "2006.??.??"]
[EventType "swiss"]
[EventRounds "11"]
[EventCountry "GER"]

1. e4 e5 2. Nf3 Nc6 3. d4 exd4 4. Bc4 Nf6 5. O-O Nxe4 6. Re1 d5 7. Bxd5 Qxd5 8.
Nc3 Qa5 9. Nxe4 Be6 10. Neg5 O-O-O 11. Nxe6 fxe6 12. Rxe6 Bd6 13. Bg5 Rd7 14.
Qe2 h6 15. Bd2 Qh5 16. h3 Qf5 17. Re4 Rf8 18. Qd3 Rdf7 19. Rf1 Ne5 20. Nxe5
Bxe5 21. Bb4 Rd8 22. Qe2 Bf6 23. Re1 g6 24. Qd2 c5 25. Ba3 Bg5 26. Qe2 c4 27.
Re5 Qf4 28. Rc5+ Kb8 29. Rxc4 d3 30. Rxf4 dxe2 31. Rxf7 Rd1 32. Bb4 Bd2 33.
Bxd2 Rxd2 34. Re7 Rxc2 35. R1xe2 Rxe2 36. Rxe2 Kc7 37. Re6 Kd7 38. Rxg6 h5 39.
Rh6 b5 40. Rxh5 Kc6 41. Re5 a5 42. g4 a4 43. g5 b4 44. g6 b3 45. a3 Kd6 46. f4
Kd7 47. g7 Kd6 48. g8=Q Kd7 49. Qf7+ Kd6 50. Qf6+ Kd7 51. Re7+ Kd8 52. Qf8# 1-0

[Event "DEM U10"]
[Site "Willingen"]
[Date "2006.06.05"]
[Round "5.8"]
[White "Lebeda, Timo"]
[Black "Gamisch, Laura"]
[Result "1/2-1/2"]
[WhiteElo "1496"]
[BlackElo "1226"]
[PlyCount "110"]
[EventDate "2006.??.??"]
[EventType "swiss"]
[EventRounds "11"]
[EventCountry "GER"]

1. e4 c5 2. d4 cxd4 3. c3 d3 4. Bxd3 Nc6 5. Bb5 Qc7 6. c4 a6 7. Ba4 Nf6 8. Nc3
e6 9. Nf3 Bb4 10. Qc2 O-O 11. Bd2 Na5 12. Rc1 Qxc4 13. b3 Qc5 14. e5 Ng4 15.
Ne4 Qxc2 16. Rxc2 Bxd2+ 17. Rxd2 b5 18. h3 Nh6 19. b4 Nc6 20. Bb3 Nxb4 21. Nd6
a5 22. a3 a4 23. Bd1 Nd5 24. Nxb5 Nf5 25. Nh2 Ra5 26. Nd4 Nxd4 27. Rxd4 Nc3 28.
Nf3 Bb7 29. Rxd7 Bxf3 30. Bxf3 Rxe5+ 31. Kf1 Rb5 32. g3 Rb3 33. Kg2 e5 34. Re1
f6 35. Re3 e4 36. Bxe4 Nxe4 37. Rxe4 Rxa3 38. Ra7 Rf7 39. Raxa4 Rxa4 40. Rxa4
h6 41. Ra8+ Kh7 42. h4 h5 43. f3 f5 44. Ra6 g6 45. Kf2 Re7 46. Ra3 Kg7 47. Re3
Rd7 48. Ke2 Kf7 49. Rd3 Rxd3 50. Kxd3 Ke6 51. Kd4 Kd6 52. f4 Ke6 53. Kc5 Kd7
54. Kd5 Ke7 55. Ke5 Kf7 1/2-1/2

[Event "DEM U10"]
[Site "Willingen"]
[Date "2006.06.05"]
[Round "5.9"]
[White "Wagner, Dennis"]
[Black "Grewenig, Jan"]
[Result "0-1"]
[WhiteElo "1225"]
[BlackElo "1409"]
[PlyCount "62"]
[EventDate "2006.??.??"]
[EventType "swiss"]
[EventRounds "11"]
[EventCountry "GER"]

1. e4 c5 2. d4 cxd4 3. c3 dxc3 4. Nxc3 Nc6 5. Nf3 g6 6. Bc4 Bg7 7. O-O Nf6 8.
Bf4 O-O 9. Qe2 d6 10. Rfd1 Qb6 11. Rac1 Bg4 12. Na4 Qb4 13. Nc3 Bxf3 14. gxf3
e5 15. Be3 Rfd8 16. Nd5 Qa5 17. Bd2 Qa4 18. Nc7 Nd4 19. Qd3 Rac8 20. Nd5 Nxd5
21. Bxd5 b6 22. a3 Rc5 23. Bb4 Rxc1 24. Rxc1 a5 25. Bd2 b5 26. Kg2 b4 27. axb4
axb4 28. Rc7 Ne6 29. Rc4 Qd1 30. Qe3 Nf4+ 31. Kg3 Qg1+ 0-1

[Event "DEM U10"]
[Site "Willingen"]
[Date "2006.06.05"]
[Round "5.10"]
[White "Müller, Georg"]
[Black "Niedermayer, Julian Andi"]
[Result "1-0"]
[WhiteElo "1402"]
[BlackElo "1190"]
[PlyCount "93"]
[EventDate "2006.??.??"]
[EventType "swiss"]
[EventRounds "11"]
[EventCountry "GER"]

1. e4 e5 2. Nf3 Nc6 3. d4 exd4 4. Nxd4 Nf6 5. Nxc6 bxc6 6. e5 Qe7 7. Qe2 Nd5 8.
Bd2 g6 9. Nc3 Nxc3 10. Bxc3 Bg7 11. g3 Bb7 12. Bg2 O-O 13. O-O-O Rfe8 14. Rhe1
d6 15. f4 dxe5 16. fxe5 Rad8 17. Rxd8 Qxd8 18. Qf2 a6 19. Qa7 Qc8 20. Qc5 Qe6
21. Kb1 Rd8 22. b3 Bh6 23. Qf2 Qd7 24. Qe2 Qe6 25. Bf3 Bc8 26. Qg2 Qd7 27. Qh1
Bb7 28. Be4 Qg4 29. Bf3 Qe6 30. Be4 Bg7 31. Bd3 Qg4 32. Re4 Qd7 33. Rd4 Qe7 34.
Rxd8+ Qxd8 35. Qf1 Bh6 36. Bc4 Qd7 37. Qe2 Bc8 38. Kb2 Bg5 39. h4 Bh6 40. Bxa6
Bxa6 41. Qxa6 Qd1 42. Qc8+ Kg7 43. e6+ f6 44. Qxc7+ Kg8 45. Qf7+ Kh8 46. Bxf6+
Bg7 47. Bxg7# 1-0

[Event "DEM U10"]
[Site "Willingen"]
[Date "2006.06.05"]
[Round "5.11"]
[White "Peil, Christoph"]
[Black "Weber, Clemens"]
[Result "1/2-1/2"]
[WhiteElo "1339"]
[BlackElo "1174"]
[PlyCount "65"]
[EventDate "2006.??.??"]
[EventType "swiss"]
[EventRounds "11"]
[EventCountry "GER"]

1. e4 e5 2. Nf3 Nc6 3. Bc4 Be7 4. O-O Nf6 5. Re1 O-O 6. d4 exd4 7. Nxd4 d6 8.
Nc3 Bd7 9. h3 a6 10. a3 Nxd4 11. Qxd4 Be6 12. Bxe6 fxe6 13. e5 Nd7 14. exd6
Bxd6 15. Qg4 Qf6 16. Be3 Ne5 17. Qg5 Qxg5 18. Bxg5 Rae8 19. Rad1 Ng6 20. Ne4 h6
21. Be3 Bf4 22. Rd7 Rd8 23. Red1 Rxd7 24. Rxd7 Ne5 25. Re7 Nc4 26. Bd4 e5 27.
Bc3 Rd8 28. g3 Bc1 29. Rxc7 Nxb2 30. Rxb7 Na4 31. Bb4 Rd4 32. Nd6 a5 33. Nf5
1/2-1/2

[Event "DEM U10"]
[Site "Willingen"]
[Date "2006.06.05"]
[Round "5.12"]
[White "Pfadenhauer, Johannes"]
[Black "Bauer, Andreas"]
[Result "0-1"]
[WhiteElo "1281"]
[BlackElo "1438"]
[PlyCount "136"]
[EventDate "2006.??.??"]
[EventType "swiss"]
[EventRounds "11"]
[EventCountry "GER"]

1. e4 g6 2. Nf3 Bg7 3. d4 c6 4. Bf4 d5 5. e5 Bg4 6. Nbd2 Qb6 7. Nb3 Nh6 8. c3
a5 9. Nc5 e6 10. Be2 Nf5 11. Qb3 Qxb3 12. Nxb3 b6 13. O-O Nd7 14. h3 Bxf3 15.
Bxf3 h5 16. Bg5 Ra7 17. Rac1 c5 18. Rfd1 O-O 19. g4 hxg4 20. hxg4 Nh6 21. Be7
Rc8 22. Bd6 Bf8 23. Bxf8 Kxf8 24. Be2 c4 25. Nd2 b5 26. f3 b4 27. Rb1 Rb8 28.
Kf2 Rab7 29. Ke3 Ng8 30. a3 Ne7 31. Rh1 Kg7 32. axb4 axb4 33. Rhg1 Nc6 34. f4
Ra7 35. f5 b3 36. Rg2 Rba8 37. f6+ Kf8 38. Rh2 Ke8 39. Rh8+ Nf8 40. Nf3 Ra1 41.
Rhh1 Rxb1 42. Rxb1 Ra2 43. Kd2 Nd7 44. g5 Nb6 45. Kc1 Na4 46. Bd1 Na7 47. Nd2
Nb5 48. Nxb3 Nbxc3 49. bxc3 Nxc3 50. Rb2 Rxb2 51. Kxb2 Nxd1+ 52. Kc1 cxb3 53.
Kxd1 Kd7 54. Kc1 Kc6 55. Kb2 Kb6 56. Kxb3 Kb5 57. Kc3 Ka4 58. Kb2 Kb4 59. Ka2
Kc4 60. Ka3 Kxd4 61. Kb4 Kxe5 62. Kc5 d4 63. Kc6 Kf5 64. Kd7 d3 65. Ke7 d2 66.
Kxf7 d1=Q 67. Kg7 Qd7+ 68. f7 Qxf7+ 0-1

[Event "DEM U10"]
[Site "Willingen"]
[Date "2006.06.05"]
[Round "5.13"]
[White "Höpfner, Tim"]
[Black "Nitsche-Hahn, Raphael"]
[Result "1-0"]
[WhiteElo "1265"]
[BlackElo "1392"]
[PlyCount "83"]
[EventDate "2006.??.??"]
[EventType "swiss"]
[EventRounds "11"]
[EventCountry "GER"]

1. e4 c5 2. Nf3 Nc6 3. d4 cxd4 4. Nxd4 g6 5. c4 Bg7 6. Be3 Nf6 7. Nc3 e6 8. Be2
O-O 9. O-O Nxd4 10. Bxd4 b6 11. f3 Bb7 12. Qd2 d5 13. cxd5 exd5 14. exd5 Nxd5
15. Bxg7 Kxg7 16. Rfd1 Nxc3 17. Qxc3+ Qf6 18. Qxf6+ Kxf6 19. Rd7 Rab8 20. Rc1
Rbe8 21. Bf1 Bc8 22. Rxa7 Bf5 23. Rc6+ Re6 24. Rcc7 Re1 25. Kf2 Rb1 26. Rc6+
Kg7 27. Rxb6 Rc8 28. Re7 Rc2+ 29. Be2 Rbxb2 30. Rxb2 Rxb2 31. Kg3 h5 32. a4 g5
33. h4 gxh4+ 34. Kxh4 Rb4+ 35. Kg5 Bg6 36. a5 Ra4 37. a6 Kf8 38. Rb7 Kg7 39. a7
h4 40. Bb5 Ra5 41. Kxh4 Kh6 42. g4 1-0

[Event "DEM U10"]
[Site "Willingen"]
[Date "2006.06.05"]
[Round "5.14"]
[White "Carmesin, Matthias"]
[Black "Haferland, Konstantin"]
[Result "1-0"]
[WhiteElo "1379"]
[BlackElo "1277"]
[PlyCount "139"]
[EventDate "2006.??.??"]
[EventType "swiss"]
[EventRounds "11"]
[EventCountry "GER"]

1. e4 e5 2. Nf3 Nc6 3. Bb5 a6 4. Ba4 Nf6 5. O-O Bc5 6. Re1 O-O 7. d3 d6 8. h3
Be6 9. Nc3 b5 10. Bb3 Qd7 11. Be3 Rad8 12. Bxc5 dxc5 13. Bxe6 Qxe6 14. Qe2 Rfe8
15. a4 b4 16. Nd1 Nd4 17. Nxd4 cxd4 18. b3 a5 19. Nb2 Ra8 20. Nc4 Ra6 21. Qf3
Nd7 22. Qf5 Nc5 23. Qxe6 Nxe6 24. Nxe5 Nf4 25. Nc4 Ree6 26. h4 Ng6 27. g3 Ne5
28. Kg2 c5 29. Nxe5 Rxe5 30. f4 Rh5 31. f5 g6 32. fxg6 Rxg6 33. Kh3 Re5 34. Rf1
Kg7 35. Rf2 h5 36. Raf1 f6 37. Rf5 Rxf5 38. Rxf5 Kh6 39. Rxc5 Rg7 40. Kg2 Ra7
41. Kf3 Kg6 42. Kf4 Ra6 43. e5 f5 44. Rd5 Rc6 45. Rd6+ Rxd6 46. exd6 Kf6 47. d7
Ke7 48. d8=Q+ Kxd8 49. Kxf5 Ke7 50. Ke5 Kf7 51. Kxd4 Kf6 52. Kc5 Kf5 53. d4 Ke6
54. Kc6 Ke7 55. d5 Kd8 56. Kd6 Ke8 57. Kc7 Kf7 58. d6 Kf6 59. d7 Kf5 60. d8=Q
Kg4 61. Qg5+ Kh3 62. Qf4 Kg2 63. Kd6 Kh3 64. Ke5 Kg2 65. Ke4 Kh3 66. Ke3 Kh2
67. g4+ Kh3 68. Kf2 Kxh4 69. g5+ Kh3 70. Qg3# 1-0